Villes du Mexique - Mort Subite - Statistiques

Statistiques générales
  • Ce quiz a été pris 410 fois
  • Le résultat moyen est 8 sur 30
Answers on the Grid
Answers color-coded by a green-red scale on the quiz's grid according to % correct below.
Mexico
Tijuana
Oaxaca
Monterrey
Puebla
Cancun
Veracruz
Acapulco
Aguacalientes
San Luis Potosi
Ecatepec
Guadalajara
León
Nezahualcóyotl
Chihuahua
Mérida
Mexicali
Saltillo
Toluca
Durango
Tepic
Xico
Tulum
El Cuyo
Campeche
Concepción de Buenos Aires
Benjamin Hill
Chicxulub Puerto
Tampico
Ensenada
Caracas
Pontevedra
Caraïbos
La Pineda
Chiclayo
Braga
Porto-Novo
Los Angeles
Las Palmas
Macárón
Tabasco
El Paso
Mixco
San Pedro Sula
Fortaleza
San Miguel de Tucuman
San Diego
Laredo
 
Statistiques - réponses
Réponse % Correct
Mexico
71%
Cancun
58%
Guadalajara
57%
Monterrey
56%
Tijuana
56%
Acapulco
50%
Tulum
47%
Chihuahua
43%
Puebla
39%
Oaxaca
37%
Veracruz
35%
León
34%
Mérida
32%
Toluca
28%
Aguacalientes
22%
Campeche
19%
Mexicali
18%
Durango
16%
Nezahualcóyotl
16%
San Luis Potosi
16%
Ecatepec
14%
Tampico
13%
Chicxulub Puerto
12%
Saltillo
11%
Tepic
10%
Ensenada
8%
Xico
8%
El Cuyo
5%
Concepción de Buenos Aires
4%
Benjamin Hill
2%
Aucun quiz correspondant
Distribution des résultats
% des personnes avec chaque résultat
Percentile par nombre de réponses
Votre historique - résultats
Vous n’avez pas pris ce quiz